Les 200 premiers mots du seigneur des anneaux (Livre II) - Statistiques

Statistiques générales
  • Ce quiz a été pris 366 fois
  • Le résultat moyen est 91 sur 200
Statistiques - réponses
Mot % Correct
à
98%
a
98%
l'
98%
le
97%
s'
95%
d'
93%
la
93%
De
85%
de
85%
il
85%
il.
85%
Il
85%
et
80%
Les
79%
les
79%
des
76%
se
76%
un
76%
est
73%
ce
71%
une
70%
me
69%
ne
66%
qu'
65%
Frodon
63%
par
63%
pas
63%
au
62%
du
62%
en
61%
"Je
61%
Je
61%
que
60%
mais,
59%
Mais
59%
mais
59%
pour
59%
dans
58%
qui
54%
ses
50%
Hobbits
49%
dit-
46%
Aragorn
43%
y
40%
autre,
39%
autre
39%
pu
39%
ont
38%
temps
37%
grand
36%
sont
36%
terre
34%
lui-
33%
lui.
33%
monta
32%
chemin,
30%
même
30%
demande
29%
leurs
28%
rien
27%
voir.
27%
voir
27%
bien
26%
aller
24%
léger
24%
marches.
24%
tour
24%
vit
23%
chose
22%
sol.
22%
loin
20%
Puis,
20%
quelque
20%
monde
18%
non
17%
colline.
16%
colline."
16%
vois
16%
avant
15%
regarda
15%
soleil
15%
haut
14%
espoir
13%
grandes
13%
jusqu'
12%
sommet,
12%
sommet.
12%
sommet ;
12%
autour
10%
Nord
9%
Nord,
9%
voulu
9%
aurait
8%
empreintes
8%
faciles
8%
revenu
8%
baissait
7%
cherchait.
7%
couru
7%
lointain
7%
sentier,
7%
pressait.
6%
Rôdeur ;
6%
Soudain,
6%
aigle
5%
collines
5%
complet
5%
élança
5%
gravit
5%
guiderait
5%
hésita.
5%
nouveau
5%
redescendu
5%
siège,
5%
traversa
5%
mouillée
4%
oiseau
4%
rapidement
4%
signes,
4%
asseyant
3%
courut
3%
dalles
3%
obscurci,
3%
semblable
3%
semblait
3%
source
3%
traversait
3%
décrivit
2%
distant.
2%
éloignées,
2%
estompé
2%
interpréter,
2%
planait
2%
sinon
2%
perplexités ;
1%
Aucun quiz correspondant
Distribution des résultats
% des personnes avec chaque résultat
Percentile par nombre de réponses
Votre historique - résultats
Vous n’avez pas pris ce quiz